Подробности
| 000 -МАРКЕР |
| контрольное поле |
06682ncm0a2200661 4500 |
| 001 - ИДЕНТИФИКАТОР ЗАПИСИ |
| контрольное поле |
RU\NLR\ONIZ\212380 |
| 005 - ИДЕНТИФИКАТОР ВЕРСИИ |
| контрольное поле |
20260406144843.0 |
| 010 ## - МЕЖДУНАРОДНЫЙ СТАНДАРТНЫЙ НОМЕР КНИГИ (ISBN) |
| Ошибочный ISBN |
7-5632-3457-3 |
| 035 ## - ДРУГИЕ СИСТЕМНЫЕ НОМЕРА |
| Идентификатор записи |
(NLR Aleph) 010891906 |
| 100 ## - ДАННЫЕ ОБЩЕЙ ОБРАБОТКИ |
| Данные общей обработки |
20150722d1995 |||y0rusy50 ca |
| 101 0# - ЯЗЫК РЕСУРСА |
| Язык текста, звукозаписи и т.д. |
русский |
| 102 ## - СТРАНА ПУБЛИКАЦИИ ИЛИ ПРОИЗВОДСТВА |
| Страна публикации |
российская федерация |
| 125 ## - ПОЛЕ КОДИРОВАННЫХ ДАННЫХ: ЗВУКОЗАПИСИ И НОТНЫЕ ИЗДАНИЯ |
| Форма изложения нотного текста |
mx |
| Несколько форм изложения нотного текста |
o |
| 128 ## - ПОЛЕ КОДИРОВАННЫХ ДАННЫХ: МУЗЫКАЛЬНАЯ ФОРМА, ТОНАЛЬНОСТЬ И ЛАД |
| Музыкальная форма |
sg |
| 128 ## - ПОЛЕ КОДИРОВАННЫХ ДАННЫХ: МУЗЫКАЛЬНАЯ ФОРМА, ТОНАЛЬНОСТЬ И ЛАД |
| Музыкальная форма |
rmc |
| 145 0# - ПОЛЕ КОДИРОВАННЫХ ДАННЫХ: СРЕДСТВО ИСПОЛНЕНИЯ МУЗЫКАЛЬНОГО ПРОИЗВЕДЕНИЯ (УСТАРЕВШЕЕ) |
| Тип средства исполнения |
c |
| 200 1# - ЗАГЛАВИЕ И СВЕДЕНИЯ ОБ ОТВЕТСТВЕННОСТИ |
| Основное заглавие |
Живет в душе Есенин |
| Общее обозначение материала |
Ноты |
| Сведения, относящиеся к заглавию |
песни и романсы |
| -- |
[для голоса в сопровожд. баяна, аккордеона или гитары] |
| Первые сведения об ответственности |
А. Ляпина |
| Последующие сведения об ответственности |
на стихи Ю. Волкова |
| 210 ## - ПУБЛИКАЦИЯ, РАСПРОСТРАНЕНИЕ И ДР. |
| Место издания, распространения и т.д. |
Москва |
| Имя издателя, распространителя и т. д. |
[Б. и.] |
| Дата издания, распространения и т.д. |
1995 |
| 215 ## - ФИЗИЧЕСКАЯ ХАРАКТЕРИСТИКА |
| Специфическое обозначение материала и объем |
39 с. |
| Другие сведения о физической характеристике |
ил. |
| Размеры |
20 см |
| 300 ## - ОБЩИЕ ПРИМЕЧАНИЯ |
| Текст примечания |
На с. 38 свед. об авторах |
| 313 ## - ПРИМЕЧАНИЯ, ОТНОСЯЩИЕСЯ К ТЕМАТИЧЕСКОМУ ДОСТУПУ |
| Текст примечания |
Систематизация документа проведена по изданию - Методика классифицирования музыкальных произведений (нотных изданий) по таблицам Библиотечно-библиографических классификаций : метод. рекомендации / Гос. б-ка СССР им. В.И. Ленина.- М., 1977. Индексу ББК методических рекомендаций присваивается код ББК для научных библиотек - LBC/SL |
| 327 1# - ПРИМЕЧАНИЯ О СОДЕРЖАНИИ |
| Текст примечания |
1. Живет в душе Есенин : "Над планетой плывут дни весенние..."; |
| -- |
2. Константиново; |
| -- |
3. Черемушные холода : "Березки хоровод водили..."; |
| -- |
4. Есенинская русь : "Моя Родина не отринулась..."; |
| -- |
5. Давно я не был у Есенина : "А небо светится осеннее..."; |
| -- |
6. Есенинский вальс : "Есенинская музыка..."; |
| -- |
7. Голубая звезда Есенина : "Сверкают огнями мятежно..."; |
| -- |
8. Есенинский романс : "Сегодня по-есенински мне грустно..."; |
| -- |
9. День рождения : "Пахнет медом ромашковым слово..."; |
| -- |
10. А Есенин всегда молодой : "Шелестят белоснежно березы..."; |
| -- |
11. Поют Есенина : "Закат горит сиренево-красный..."; |
| -- |
12. Эх, гитару мне дай-ка; |
| -- |
13. Идет по России Есенин : "Умаялся дождик весенний..."; |
| -- |
14. Есенинское танго : "Не прощаясь, до утра не расставаясь..."; |
| -- |
15. Черемуховый снег : "Снег черемуховый нежный..."; |
| -- |
16. Матери Есенина : "И уходит тоска..."; |
| -- |
17. Элегия Есенину : "Океан любви в весенней песне..." |
| 464 #0 - АНАЛИТИЧЕСКИЙ УРОВЕНЬ |
| Встроенное поле |
2001#$aЖивет в душе Есенин$e"Над планетой плывут дни весенние..." |
| -- |
215##$aС.3-4 |
| Заглавие |
Живет в душе Есенин |
| 464 #0 - АНАЛИТИЧЕСКИЙ УРОВЕНЬ |
| Встроенное поле |
2001#$aКонстантиново |
| -- |
215##$aС.5-6 |
| Заглавие |
Константиново |
| 464 #0 - АНАЛИТИЧЕСКИЙ УРОВЕНЬ |
| Встроенное поле |
2001#$aЧеремушные холода$e"Березки хоровод водили..." |
| -- |
215##$aС.7-8 |
| Заглавие |
Черемушные холода |
| 464 #0 - АНАЛИТИЧЕСКИЙ УРОВЕНЬ |
| Встроенное поле |
2001#$aЕсенинская русь$e"Моя Родина не отринулась..." |
| -- |
215##$aС.9-10 |
| Заглавие |
Есенинская русь |
| 464 #0 - АНАЛИТИЧЕСКИЙ УРОВЕНЬ |
| Встроенное поле |
2001#$aДавно я не был у Есенина$e"А небо светится осеннее..." |
| -- |
215##$aС.11-12 |
| Заглавие |
Давно я не был у Есенина |
| 464 #0 - АНАЛИТИЧЕСКИЙ УРОВЕНЬ |
| Встроенное поле |
2001#$aЕсенинский вальс$e"Есенинская музыка..." |
| -- |
215##$aС.13-15 |
| Заглавие |
Есенинский вальс |
| 464 #0 - АНАЛИТИЧЕСКИЙ УРОВЕНЬ |
| Встроенное поле |
2001#$aГолубая звезда Есенина$e"Сверкают огнями мятежно..." |
| -- |
215##$aС.16 |
| Заглавие |
Голубая звезда Есенина |
| 464 #0 - АНАЛИТИЧЕСКИЙ УРОВЕНЬ |
| Встроенное поле |
2001#$aЕсенинский романс$e"Сегодня по-есенински мне грустно..." |
| -- |
215##$aС.17 |
| Заглавие |
Есенинский романс |
| 464 #0 - АНАЛИТИЧЕСКИЙ УРОВЕНЬ |
| Встроенное поле |
2001#$aДень рождения$e"Пахнет медом ромашковым слово..." |
| -- |
215##$aС.18-19 |
| Заглавие |
День рождения |
| 464 #0 - АНАЛИТИЧЕСКИЙ УРОВЕНЬ |
| Встроенное поле |
2001#$aА Есенин всегда молодой$e"Шелестят белоснежно березы..." |
| -- |
215##$aС.20-21 |
| Заглавие |
А Есенин всегда молодой |
| 464 #0 - АНАЛИТИЧЕСКИЙ УРОВЕНЬ |
| Встроенное поле |
2001#$aПоют Есенина$e"Закат горит сиренево-красный..." |
| -- |
215##$aС.22-23 |
| Заглавие |
Поют Есенина |
| 464 #0 - АНАЛИТИЧЕСКИЙ УРОВЕНЬ |
| Встроенное поле |
2001#$aЭх, гитару мне дай-ка |
| -- |
215##$aС.24-25 |
| Заглавие |
Эх, гитару мне дай-ка |
| 464 #0 - АНАЛИТИЧЕСКИЙ УРОВЕНЬ |
| Встроенное поле |
2001#$aИдет по России Есенин$e"Умаялся дождик весенний..." |
| -- |
215##$aС.26-28 |
| Заглавие |
Идет по России Есенин |
| 464 #0 - АНАЛИТИЧЕСКИЙ УРОВЕНЬ |
| Встроенное поле |
2001#$aЕсенинское танго$e"Не прощаясь, до утра не расставаясь..." |
| -- |
215##$aС.29-30 |
| Заглавие |
Есенинское танго |
| 464 #0 - АНАЛИТИЧЕСКИЙ УРОВЕНЬ |
| Встроенное поле |
2001#$aЧеремуховый снег$e"Снег черемуховый нежный..." |
| -- |
215##$aС.31-32 |
| Заглавие |
Черемуховый снег |
| 464 #0 - АНАЛИТИЧЕСКИЙ УРОВЕНЬ |
| Встроенное поле |
2001#$aМатери Есенина$e"И уходит тоска..." |
| -- |
215##$aС.33-35 |
| Заглавие |
Матери Есенина |
| 464 #0 - АНАЛИТИЧЕСКИЙ УРОВЕНЬ |
| Встроенное поле |
2001#$aЭлегия Есенину$e"Океан любви в весенней песне..." |
| -- |
215##$aС.36-37 |
| Заглавие |
Элегия Есенину |
| 606 1# - НАИМЕНОВАНИЕ ТЕМЫ КАК ПРЕДМЕТ |
| Наименование темы |
Вокальная музыка России |
| Географический подзаголовок |
Россия |
| Хронологический подзаголовок |
20-21 вв. |
| Формальный подзаголовок |
Ноты |
| Код системы |
nlr_sh |
| 606 1# - НАИМЕНОВАНИЕ ТЕМЫ КАК ПРЕДМЕТ |
| Наименование темы |
Есенин в музыке |
| Географический подзаголовок |
Россия |
| Хронологический подзаголовок |
20-21 вв. |
| Формальный подзаголовок |
Ноты |
| Код системы |
nlr_sh |
| 686 ## - ИНДЕКСЫ ДРУГИХ КЛАССИФИКАЦИЙ |
| Индекс |
Щ943.4-64-043.3(2Р)я44 |
| Издание |
LBC/SL |
| Код системы |
|
| 686 ## - ИНДЕКСЫ ДРУГИХ КЛАССИФИКАЦИЙ |
| Индекс |
Щ943.4-47-043.4(2Р)я44 |
| Издание |
LBC/SL |
| Код системы |
|
| 700 #1 - ИМЯ ЛИЦА - ПЕРВИЧНАЯ ОТВЕТСТВЕННОСТЬ |
| Системный номер авторитетной/нормативной записи |
z01790 |
| Начальный элемент ввода |
Ляпин |
| Часть имени, кроме начального элемента ввода |
А. Д. |
| Даты |
1939– |
| Расширение инициалов личного имени |
Аркадий Дмитриевич |
| Код отношения |
Композитор |
| 702 #1 - ИМЯ ЛИЦА - ВТОРИЧНАЯ ОТВЕТСТВЕННОСТЬ |
| Код отношения |
Лирик |
| Материалы, к которым относится поле |
rus |
| Графика поля |
Кириллица |
| Начальный элемент ввода |
Волков |
| Часть имени, кроме начального элемента ввода |
Ю. А. |
| Дополнения к именам, кроме дат |
поэт |
| Даты |
1948- |
| Расширение инициалов личного имени |
Юрий Александрович |
| Идентификатор авторитетной/нормативной записи |
RU\NLR\AUTH\7780378 |
| Системный номер авторитетной/нормативной записи |
63306 |
| 702 #1 - ИМЯ ЛИЦА - ВТОРИЧНАЯ ОТВЕТСТВЕННОСТЬ |
| Код отношения |
Автор идеи, слогана |
| Материалы, к которым относится поле |
rus |
| Графика поля |
Кириллица |
| Начальный элемент ввода |
Есенин |
| Часть имени, кроме начального элемента ввода |
С. А. |
| Даты |
1895-1925 |
| Расширение инициалов личного имени |
Сергей Александрович |
| Идентификатор авторитетной/нормативной записи |
RU\NLR\AUTH\774376 |
| Системный номер авторитетной/нормативной записи |
114357 |
| 790 #1 - ИМЯ ЛИЦА - АЛЬТЕРНАТИВНАЯ ФОРМА |
| Системный номер авторитетной/нормативной записи |
z01700 |
| Начальный элемент ввода |
Lyapin |
| Часть имени, кроме начального элемента ввода |
A. D. |
| Даты |
1939– |
| Расширение инициалов личного имени |
Arkadij Dmitrievich |
| Код отношения |
Композитор |
| 790 #1 - ИМЯ ЛИЦА - АЛЬТЕРНАТИВНАЯ ФОРМА |
| Системный номер авторитетной/нормативной записи |
z03702 |
| Начальный элемент ввода |
Volkov |
| Часть имени, кроме начального элемента ввода |
Yu. A. |
| Расширение инициалов личного имени |
Yurij Aleksandrovich |
| Код отношения |
Лирик |
| 790 #1 - ИМЯ ЛИЦА - АЛЬТЕРНАТИВНАЯ ФОРМА |
| Код отношения |
Автор идеи, слогана |
| Материалы, к которым относится поле |
rus |
| Графика поля |
Кириллица |
| Начальный элемент ввода |
Esenin |
| Часть имени, кроме начального элемента ввода |
S. A. |
| Даты |
1895-1925 |
| Расширение инициалов личного имени |
Sergej Aleksandrovič |
| Идентификатор авторитетной/нормативной записи |
RU\NLR\AUTH\7717292 |
| Системный номер авторитетной/нормативной записи |
381 |
| 801 #0 - ИСТОЧНИК ЗАПИСИ |
| Страна |
российская федерация |
| Организация |
NLR |
| Дата составления |
20150722 |
| Правила каталогизации |
PSBO |
| 801 #1 - ИСТОЧНИК ЗАПИСИ |
| Страна |
российская федерация |
| Организация |
NLR |
| Дата составления |
20150722 |
| Источник данных |
rusmarc |
| 801 #2 - ИСТОЧНИК ЗАПИСИ |
| Страна |
российская федерация |
| Организация |
NLR |
| Дата составления |
20151105 |
| 852 ## - МЕСТОНАХОЖДЕНИЕ И ШИФР ХРАНЕНИЯ |
| Идентификатор организации |
NLR |
| Наименование фонда или коллекции (Sub-Location Identifier) |
М |
| Шифр хранения (Call Number) |
986/635 |
| Страна |
|
| Номер экземпляра |
1 |
| 942 ## - ДОПОЛНИТЕЛЬНЫЕ ЭЛЕМЕНТЫ ЗАПИСИ (АБИС) |
| Тип экземпляра АБИС |
Ноты |
| 980 ## - КОЛЛЕКЦИЯ |
| Название коллекции |
Национальная библиография |
| 980 ## - КОЛЛЕКЦИЯ |
| Название коллекции |
Отдел нот и звукозаписей |